000 00319nam a22001337a 4500
008 241127b |||||||| |||| 00| 0 eng d
020 _a0192125621
050 _aPN 1691
_b.G73
100 _aGraf De C.J.
245 _aSons and Daughters
260 _aLondon
_bOxford university press
_c1979
300 _a53
942 _cBK
999 _c1784
_d1784